| 000 | 00580cam a2200229 a 4500 | ||
|---|---|---|---|
| 001 | 2824652 | ||
| 005 | 20180131043955.0 | ||
| 008 | 831220s1984 nyu b 001 0 eng | ||
| 010 | _a 83025507 | ||
| 020 | _a0393018687 | ||
| 040 |
_aDLC _cDLC _dDLC |
||
| 041 | _aeng | ||
| 043 | _an-us--- | ||
| 080 | _a338.973 EDS | ||
| 082 | 0 | 0 |
_a338.973 EDS _219 |
| 100 | 1 | _a19 | |
| 101 | _aPOL | ||
| 245 | 1 | 4 |
_aThe new politics of inequality / _cThomas Byrne Edsall. |
| 504 | _aBibliography: p. 268-271. | ||
| 906 |
_a7 _bcbc _corignew _d1 _eocip _f19 _gy-gencatlg |
||
| 942 |
_2ddc _cBK |
||
| 999 |
_c41349 _d41349 |
||